RIO poissons 1-16 - Statistiques

Statistiques générales
  • Ce quiz a été pris 36 fois
  • Le résultat moyen est 4 sur 16
Statistiques - réponses
Par images Réponse % Correct
Petite roussette
80%
Lamproie
60%
Sardine
60%
Orphie
47%
Anchois
27%
Hareng
27%
Torpille
27%
Esturgeon commun
20%
Maquereau commun
20%
Alose feinte
13%
Chimère commune
13%
Merlu commun
13%
Raie brunette
13%
Athérine prêtre
7%
Chinchard commun
7%
Mulet lippu
7%
Aucun quiz correspondant
Distribution des résultats
% des personnes avec chaque résultat
Percentile par nombre de réponses
Votre historique - résultats
Vous n’avez pas pris ce quiz